| Tag |
First Indicator |
Second Indicator |
Subfields |
| LEADER |
00000cam a22000008a 4500 |
| 001 |
in00000568430 |
| 005 |
20151014062753.0 |
| 008 |
860728s1987 enkab b 10100 eng |
| 010 |
|
|
|a 86020740
|
| 020 |
|
|
|a 0632016833
|
| 035 |
|
|
|a (OCoLC)14067759
|
| 035 |
|
|
|9 ACN2540AM
|
| 040 |
|
|
|a DLC
|c DLC
|d m/c
|d OCL
|d TXA
|d UtOrBLW
|
| 043 |
|
|
|a e-uk-st
|
| 049 |
|
|
|a TXAM
|c [A10961140]
|
| 050 |
0 |
0 |
|a QE653
|b .E94 1986
|
| 082 |
0 |
|
|a 551.7/15/09411
|2 19
|
| 090 |
|
|
|a QE653
|b .E94 1987
|
| 245 |
0 |
0 |
|a Evolution of the Lewisian and comparable Precambrian high grade terrains /
|c edited by R.G. Park [and] J. Tarney.
|
| 263 |
|
|
|a 8701
|
| 264 |
|
1 |
|a Oxford [Oxfordshire] ;
|a Palo Alto, Calif. :
|b Published for the Geological Society by Blackwell Scientific Publications,
|c 1986.
|
| 300 |
|
|
|a viii, 315 pages :
|b illustrations, maps.
|
| 336 |
|
|
|a text
|b txt
|2 rdacontent
|
| 337 |
|
|
|a unmediated
|b n
|2 rdamedia
|
| 338 |
|
|
|a volume
|b nc
|2 rdacarrier
|
| 490 |
1 |
|
|a Geological Society special publication ;
|v no
|
| 500 |
|
|
|a Papers presented at a conference held at Leicester University in 1985.
|
| 504 |
|
|
|a Includes bibliographies and index.
|
| 650 |
|
0 |
|a Geology, Stratigraphic
|y Precambrian
|v Congresses.
|
| 650 |
|
0 |
|a Geology
|z Scotland
|x Congresses.
|
| 650 |
|
0 |
|a Geology
|v Congresses.
|
| 700 |
1 |
|
|a Park, R. G.
|q (R. Graham)
|
| 700 |
1 |
|
|a Tarney, J.
|
| 710 |
2 |
|
|a Geological Society of London.
|
| 830 |
|
0 |
|a Geological Society special publication.
|
| 999 |
|
|
|a MARS
|
| 999 |
f |
f |
|s 011b13e9-c836-32ac-80f8-a1719ab9a0f2
|i 0aefffd8-53b9-366b-ad71-0b8e5f8b82f5
|t 0
|
| 952 |
f |
f |
|p ric
|a Texas A&M University
|b Rellis Campus
|c Joint Library Facility
|d Remote Storage
|t 0
|e QE653 .E94 1987
|h Library of Congress classification
|i unmediated -- volume
|m A14810961140
|
| 998 |
f |
f |
|a QE653 .E94 1987
|t 0
|l Remote Storage
|